000 00301nam a22001337a 4500
008 180109b xxu||||| |||| 00| 0 eng d
020 _a094615126
041 _aeng
080 _a610
100 _a4
101 _aSHM
245 _aClinical Guidelines in Adult Health
_cUphold, C.R
942 _2udc
_cBK
999 _c39947
_d39947